000 00322nam a2200133Ia 4500
008 210210b1971 xxu||||| |||| 00| 0 eng d
082 _a823.8 STEB
100 _aSTEVENSON (R L).
245 _aBlack arrow.
260 _aLondon
_bMacmillan & Co. Ltd.
_c1971
300 _a142
690 _aEnglish Fiction
906 _a030516
999 _c81654
_d81654